MARC

LEADER 00000nam0a2200000 4500
001 156674
005 20231101221922.0
035 |a (RuTPU)RU\TPU\book\169920 
090 |a 156674 
100 |a 20090330d1987 k y0rusy50 ca 
101 0 |a rus 
102 |a RU 
105 |a a z 001zy 
200 1 |a Динамика поплавковых гироскопов и акселерометров  |f К. П. Андрейченко 
210 |a Москва  |c Машиностроение  |d 1987 
215 |a 128 с.  |c ил. 
320 |a Библиогр.: с. 122. 
606 |a Гироскопы поплавковые  |x Динамика  |2 stltpush  |3 (RuTPU)RU\TPU\subj\7294  |9 34995 
610 1 |a акселерометры 
610 1 |a динамика 
610 1 |a гироскопические системы 
610 1 |a механика 
610 1 |a уравнения Навье-Стокса 
610 1 |a теория 
610 1 |a характеристики 
610 1 |a погрешности 
675 |a 531.383  |v 3 
700 1 |a Андрейченко  |b К. П.  |g Константин Петрович 
801 1 |a RU  |b 63413507  |c 20090330  |g PSBO 
801 2 |a RU  |b 63413507  |c 20171011  |g PSBO 
942 |c BK